| 000 | 00429nam a2200169 4500 | ||
|---|---|---|---|
| 001 | VA9745 | ||
| 003 | ES-SlBCS | ||
| 005 | 20210601153307.0 | ||
| 008 | 140520s1946 xxu||||| |||| 00| 0 ita d | ||
| 041 | _aita | ||
| 100 | 1 |
_aGuano, Emilio _921592 |
|
| 245 | 1 | 0 |
_aRicerca di Dio _cEmilio Guano |
| 260 |
_aRoma : _bStudium _c, 1946 |
||
| 300 |
_a228 p.; _c18 cm |
||
| 650 |
_aTeodicea-Problema de Dios-General _9356814 |
||
| 942 | _cBK | ||
| 999 |
_c789130 _d789130 |
||